Países con más Fronteras - Estadísticas

Estadísticas generales
  • Esta prueba ha sido intentada 92 veces
  • La puntuación promedio es 11 de 20
Estadísticas de respuestas
Cantidad de Países Limítrofes Respuesta % Correcto
14 Rusia
99%
16 China
94%
10 Brasil
84%
9 República Democrática del Congo
83%
6 India
76%
5 República del Congo
76%
7 Níger
65%
6 Chad
61%
7 Sudán
59%
7 Irán
58%
5 Argentina
50%
7 Mali
50%
7 Argelia
43%
6 Etiopía
40%
5 Colombia
39%
6 Afganistán
36%
5 Uzbekistán
25%
8 Zambia
25%
5 Laos
15%
5 Birmania
14%
No se encontraron pruebas coincidentes
Distribución de puntuación
Porcentaje de gente con cada puntuación
Porcentaje por número respondido
Historial de tus puntuaciones
No has intentado esta prueba.